Local density approximations in quantum chemistry and solid state physics / (Record no. 12189)

MARC details
000 -LEADER
fixed length control field 01525pam a2200325 i 4500
001 - CONTROL NUMBER
control field 4731690
003 - CONTROL NUMBER IDENTIFIER
control field EG-ScBUE
005 - DATE AND TIME OF LATEST TRANSACTION
control field 20250720095010.0
008 - FIXED-LENGTH DATA ELEMENTS--GENERAL INFORMATION
fixed length control field 840209t1984 nyua f b 101 0 eng
020 ## - INTERNATIONAL STANDARD BOOK NUMBER
International Standard Book Number 0306416670
040 ## - CATALOGING SOURCE
Original cataloging agency EG-ScBUE
Language of cataloging eng
Description conventions rda
Transcribing agency EG-ScBUE
Modifying agency EG-ScBUE
082 04 - DEWEY DECIMAL CLASSIFICATION NUMBER
Classification number 541.28
Edition number 22
Item number LOC
111 2# - MAIN ENTRY--MEETING NAME
Meeting name or jurisdiction name as entry element Symposium on Local Density Approximations in Quantum Chemistry and Solid State Theory
Date of meeting (1982 :
Location of meeting University of Copenhagen)
9 (RLIN) 7525
245 10 - TITLE STATEMENT
Title Local density approximations in quantum chemistry and solid state physics /
Statement of responsibility, etc edited by Jens Peder Dahl, Technical University of Denmark, Lyngby, Denmark, and John Avery, University of Copenhagen, Copenhagen, Denmark.
264 #1 - PUBLICATION, DISTRIBUTION, ETC. (IMPRINT)
Place of publication, distribution, etc New York :
Name of publisher, distributor, etc Plenum Press,
Date of publication, distribution, etc [1984]
264 #4 - PUBLICATION, DISTRIBUTION, ETC. (IMPRINT)
Date of publication, distribution, etc c1984
300 ## - PHYSICAL DESCRIPTION
Extent xiii, 851 pages :
Other physical details illustrations ;
Dimensions 26 cm
336 ## - CONTENT TYPE
Source rdacontent
Content type term text
Content type code txt
337 ## - MEDIA TYPE
Media type term unmediated
Source rdamedia
Media type code n
338 ## - CARRIER TYPE
Carrier type term volume
Carrier type code nc
Source rdacarrier
500 ## - GENERAL NOTE
General note "Proceedings of a Symposium on Local Density Approximations in Quantum Chemistry and Solid State Theory, held June 10-12, 1982, at the University of Copenhagen, Copenhagen, Denmark."
504 ## - BIBLIOGRAPHY, ETC. NOTE
Bibliography, etc Includes bibliographical references and index.
650 #7 - SUBJECT ADDED ENTRY--TOPICAL TERM
Topical term or geographic name as entry element Quantum chemistry
General subdivision Congresses.
9 (RLIN) 7526
Source of heading or term BUEsh
650 #7 - SUBJECT ADDED ENTRY--TOPICAL TERM
Topical term or geographic name as entry element Solid state chemistry
General subdivision Congresses.
9 (RLIN) 7527
Source of heading or term BUEsh
650 #7 - SUBJECT ADDED ENTRY--TOPICAL TERM
Topical term or geographic name as entry element Hartree-Fock approximation
General subdivision Congresses.
9 (RLIN) 7528
Source of heading or term BUEsh
655 ## - INDEX TERM--GENRE/FORM
Form subdivision Reading book
700 1# - ADDED ENTRY--PERSONAL NAME
Personal name Dahl, Jens Peder,
9 (RLIN) 7529
Relator term editor.
700 1# - ADDED ENTRY--PERSONAL NAME
Personal name Avery, John,
Dates associated with a name 1933-
9 (RLIN) 7530
Relator term editor.
942 ## - ADDED ENTRY ELEMENTS (KOHA)
Source of classification or shelving scheme Dewey Decimal Classification
Koha item type Book - Borrowing
Holdings
Withdrawn status Lost status Source of classification or shelving scheme Damaged status Not for loan Collection code Home library Current library Shelving location Date acquired Source of acquisition Cost, normal purchase price Serial Enumeration / chronology Total Checkouts Full call number Barcode Date last seen Koha item type
    Dewey Decimal Classification     Alahram Central Library Central Library First floor 05/07/2009 Purchase 222.80 72   541.28 LOC 000017331 15/07/2025 Book - Borrowing